Coen Brothers Movies - Statistics

General Stats
  • This quiz has been taken 63 times
  • The average score is 10 of 19
Answer Stats
Release Year Answer % Correct
2007 No Country for Old Men
85%
1996 Fargo
83%
1998 The Big Lebowski
83%
2000 O Brother, Where Art Thou?
70%
1991 Barton Fink
69%
2008 Burn After Reading
67%
1987 Raising Arizona
67%
1990 Miller's Crossing
63%
2016 Hail, Caesar!
59%
1984 Blood Simple
52%
1994 The Hudsucker Proxy
50%
2013 Inside Llewyn Davis
48%
2018 The Ballad of Buster Scruggs
46%
2004 The Ladykillers
41%
2021 The Tragedy of Macbeth
41%
2001 The Man Who Wasn't There
37%
2003 Intolerable Cruelty
30%
2025 Drive-Away Dolls
28%
2010 True Grid
0%
No matching quizzes found
Score Distribution
Percent of People with Each Score
Percentile by Number Answered
Your Score History
You have not taken this quiz